House price index (Record no. 114260)
[ view plain ]
| 000 -LEADER | |
|---|---|
| fixed length control field | 01484cad a22002295a 4500 |
| 001 - CONTROL NUMBER | |
| control field | L156459 |
| 008 - FIXED-LENGTH DATA ELEMENTS--GENERAL INFORMATION | |
| fixed length control field | 120523e20120522xxkd f s f000 0 eng d |
| 035 ## - SYSTEM CONTROL NUMBER | |
| System control number | (Sirsi) u156459 |
| 041 0# - LANGUAGE CODE | |
| Language code of text/sound track or separate title | eng |
| 110 1# - MAIN ENTRY--CORPORATE NAME | |
| Corporate name or jurisdiction name as entry element | Office for National Statistics |
| 9 (RLIN) | 2210 |
| 245 00 - TITLE STATEMENT | |
| Title | House price index |
| Remainder of title | March 2012 |
| Medium | [electronic resource] |
| 260 ## - PUBLICATION, DISTRIBUTION, ETC. | |
| Place of publication, distribution, etc. | London |
| Name of publisher, distributor, etc. | DCLG |
| Date of publication, distribution, etc. | 2012 |
| 490 #0 - SERIES STATEMENT | |
| Series statement | ONS House Price Index |
| Volume/sequential designation | March 2012 |
| 520 ## - SUMMARY, ETC. | |
| Summary, etc. | UK house prices decreased by 0.4% since March 2011 and by 0.6% since February 2012. The mix-adjusted average house price was £225 283 in March 2012 (not seasonally adjusted). Annual average house prices fell by 0.3% in England, 0.3% in Scotland, 10.7% in Northern Ireland and increased by 0.4% in Wales. Annual average house prices paid by first time buyers in February were 2.8% higher than a year ago. Average house prices paid by former owner occupiers fell by 1.6%. Annual average house prices paid for new properties in March 2012 were 6.9% higher than a year ago. By comparison average house prices paid on pre-owned dwellings were 0.9% lower. The ONS House Price Index was previously published by Department for Communities and Local Government as the CLG House Price Index. |
| 521 ## - TARGET AUDIENCE NOTE | |
| Target audience note | Advanced |
| 590 ## - LOCAL NOTE (RLIN) | |
| Local note | KA NTK |
| 650 24 - SUBJECT ADDED ENTRY--TOPICAL TERM | |
| Topical term or geographic name entry element | ONS HOUSE PRICE INDEX |
| 651 #4 - SUBJECT ADDED ENTRY--GEOGRAPHIC NAME | |
| Geographic name | United Kingdom |
| Chronological subdivision | |
| 690 ## - LOCAL SUBJECT ADDED ENTRY--TOPICAL TERM (OCLC, RLIN) | |
| Topical term or geographic name as entry element | Residential property |
| 9 (RLIN) | 6266 |
| 856 40 - ELECTRONIC LOCATION AND ACCESS | |
| Uniform Resource Identifier | <a href="https://www.ons.gov.uk/ons/dcp171778_265371.pdf">https://www.ons.gov.uk/ons/dcp171778_265371.pdf</a> |
| Public note | View this item free of charge at www.ons.gov.uk |
| 942 ## - ADDED ENTRY ELEMENTS (KOHA) | |
| Suppress in OPAC | 0 |
| Withdrawn status | Lost status | Source of classification or shelving scheme | Damaged status | Not for loan | Home library | Current library | Shelving location | Date acquired | Total Checkouts | Full call number | Barcode | Date last seen | Copy number | Price effective from | Koha item type |
|---|---|---|---|---|---|---|---|---|---|---|---|---|---|---|---|
| Dewey Decimal Classification | Virtual | Virtual | Online | 23/05/2012 | ONLINE PUBLICATION | 156459-2001 | 06/08/2019 | 1 | 06/08/2019 | Book |